000 00359nam a22001457a 4500
003 OSt
005 20160727222415.0
008 160625b xxu||||| |||| 00| 0 eng d
040 _cTEST
100 _91103
_a Mac Donald, G
245 _aThe Tutor's First Love
260 _aMinesata
_b BethaN.Y House
_c1984
300 _aThe Tutor's First Love
942 _2ddc
_cBK
999 _c888
_d888